Ten steps to a results-based monitoring and evaluation system : (Record no. 8914)

MARC details
000 -LEADER
fixed length control field 01341cam a22003134a 4500
001 - CONTROL NUMBER
control field 13507264
003 - CONTROL NUMBER IDENTIFIER
control field OSt
005 - DATE AND TIME OF LATEST TRANSACTION
control field 20240626115754.0
008 - FIXED-LENGTH DATA ELEMENTS--GENERAL INFORMATION
fixed length control field 040301s2004 dcua b f001 0 eng
010 ## - LIBRARY OF CONGRESS CONTROL NUMBER
LC control number 2004045527
020 ## - INTERNATIONAL STANDARD BOOK NUMBER
International Standard Book Number 0821358235
040 ## - CATALOGING SOURCE
Transcribing agency MUST
042 ## - AUTHENTICATION CODE
Authentication code pcc
043 ## - GEOGRAPHIC AREA CODE
Geographic area code d------
082 00 - DEWEY DECIMAL CLASSIFICATION NUMBER
Classification number 352.35 KUS 2004
Edition number 22
100 1# - MAIN ENTRY--PERSONAL NAME
Personal name Kusek, Jody Zall,
9 (RLIN) 18035
245 10 - TITLE STATEMENT
Title Ten steps to a results-based monitoring and evaluation system :
Remainder of title a handbook for development practitioners /
Statement of responsibility, etc. Jody Zall Kusek, Ray C. Rist.
260 ## - PUBLICATION, DISTRIBUTION, ETC. (IMPRINT)
Place of publication, distribution, etc. Washington, DC :
Name of publisher, distributor, etc. World Bank,
Date of publication, distribution, etc. c2004.
300 ## - PHYSICAL DESCRIPTION
Extent xiv, 248 p. :
Other physical details ill. ;
Dimensions 24 cm.
504 ## - BIBLIOGRAPHY, ETC. NOTE
Bibliography, etc Includes bibliographical references and index.
650 #0 - SUBJECT ADDED ENTRY--TOPICAL TERM
Topical term or geographic name as entry element Government productivity
Geographic subdivision Developing countries
General subdivision Evaluation.
9 (RLIN) 18036
650 #0 - SUBJECT ADDED ENTRY--TOPICAL TERM
Topical term or geographic name as entry element Performance standards
Geographic subdivision Developing countries
General subdivision Evaluation.
9 (RLIN) 18037
650 #0 - SUBJECT ADDED ENTRY--TOPICAL TERM
Topical term or geographic name as entry element Total quality management in government
Geographic subdivision Developing countries
General subdivision Evaluation.
9 (RLIN) 18038
650 #0 - SUBJECT ADDED ENTRY--TOPICAL TERM
Topical term or geographic name as entry element Public administration
Geographic subdivision Developing countries
General subdivision Evaluation.
9 (RLIN) 18039
700 1# - ADDED ENTRY--PERSONAL NAME
Personal name Rist, Ray C.
9 (RLIN) 18040
906 ## - LOCAL DATA ELEMENT F, LDF (RLIN)
a 7
b cbc
c orignew
d 1
e ocip
f 20
g y-gencatlg
942 ## - ADDED ENTRY ELEMENTS (KOHA)
Source of classification or shelving scheme Dewey Decimal Classification
Koha item type Open Shelf
Holdings
Withdrawn status Lost status Source of classification or shelving scheme Damaged status Not for loan Home library Current library Date acquired Source of acquisition Inventory number Total Checkouts Full call number Barcode Date last seen Price effective from Koha item type
    Other/Generic Classification Scheme     MUST Main Library MUST Main Library 26/06/2024 Purchase 08/30954   352.35 KUS 2004 2024-21421 26/06/2024 26/06/2024 Open Shelf
    Dewey Decimal Classification     MUST Main Library MUST Main Library 09/07/2024 Purchase 08/30953   352.35 KUS 2004 2024-21876 09/07/2024 09/07/2024 Open Shelf